Statystyki dla Losowe miasta blisko Paryża z mapą

Kliknij tutaj aby rozwiązać quiz!

Ogólne statystyki

  • Ten quiz został rozwiązany 119 razy
  • Średni wynik to 7 z 10

Odpowiedzi na mapie

Odpowiedzi skodowane kolorowo w zielono-czerwonej skali na mapie do tego quizu, zgodnie z poniższymi procentami.
 

Statystyki odpowiedzi

Miasto% Poprawnych
Marsylia
100%
Londyn
95%
Amsterdam
92%
Berlin
92%
Dublin
92%
Rotterdam / Haga
92%
Mediolan
90%
Praga
89%
Bruksela
83%
Glasgow
82%
Barcelona
77%
Hamburg
75%
Liverpool
71%
Zurych
69%
Monachium
67%
Turyn
67%
Birmingham
64%
Bordeaux
64%
Lyon
64%
Antwerpia
63%
Brema
63%
Manchester
55%
Leeds
45%
Frankfurt nad Menem
40%
Kolonia | Dusseldorf
38%
Southampton
38%
Tuluza
36%
Stuttgart
33%
Mannheim
30%
Norymberga
29%
Lille
27%
Newcastle
22%
Sheffield
20%
Hanower
17%
Nottingham
15%

Rozkład punktacji

Percentyl według liczby udzielonych odpowiedzi

Procent ludzi z każdym wynikiem

Twoja historia wyników

Nie rozwiązałeś tego quizu